[Event "Rilton Cup 51st"]
[Site "Stockholm"]
[Date "2024.01.02"]
[Round "6"]
[White "Rempe, Jonas"]
[Black "Verbin, Valentina"]
[Result "1/2-1/2"]
[WhiteElo "2150"]
[BlackElo "2069"]
[PlyCount "119"]
[EventDate "2023.12.27"]
[EventType "swiss"]
[EventRounds "9"]
[EventCountry "SWE"]
[SourceTitle "CB02_2024"]
[SourceDate "2024.01.10"]
[SourceVersion "1"]
[SourceVersionDate "2024.01.10"]
[SourceQuality "1"]

1. e4 e6 2. d4 d5 3. Nc3 Nf6 4. e5 Nfd7 5. Nf3 c5 6. Bg5 Qb6 7. dxc5 Bxc5 8. Qd2 Nc6 9. 0-0-0 Qa5 10. a3 Rb8 11. Kb1 a6 12. Bf4 b5 13. Na2 b4 14. b3 Qxa3 15. g4 Nb6 16. Qd3 Na7 17. Nd4 Ra8 18. g5 Bd7 19. Be3 Nb5 20. Ne2 Bxe3 21. Qxe3 Rb8 22. Qc1 a5 23. Qxa3 Nxa3+ 24. Kb2 Ke7 25. Nd4 Rhc8 26. Bd3 Na8 27. c3 Nc7 28. cxb4 axb4 29. Rc1 h6 30. gxh6 gxh6 31. Nc6+ Bxc6 32. Rxc6 Nab5 33. Rhc1 Kd7 34. Nxb4 Nd4 35. Rxc7+ Rxc7 36. Rxc7+ Kxc7 37. Na6+ Kb7 38. Nxb8 Kxb8 39. f4 Nf3 40. Kc3 Kc7 41. Bb5 Kd8 42. b4 Nh4 43. Kd4 Ng2 44. f5 Nh4 45. fxe6 fxe6 46. Be2 Kd7 47. b5 Nf5+ 48. Kc5 Ne7 49. b6 Ng6 50. Bb5+ Kc8 51. Kd6 Nf4 52. Bd7+ Kb7 53. Bxe6 Nxe6 54. Kxe6 d4 55. Kf6 d3 56. e6 d2 57. e7 d1Q 58. e8Q Qd6+ 59. Kg7 Qxh2 60. Qf7+ 1/2-1/2

[Event "Heusenstamm Schloss op"]
[Site "Heusenstamm"]
[Date "2023.11.23"]
[Round "1"]
[White "Mehlen, Theodor"]
[Black "Rempe, Jonas"]
[Result "0-1"]
[WhiteElo "1808"]
[BlackElo "2106"]
[PlyCount "112"]
[EventDate "2023.11.23"]
[EventType "swiss"]
[EventRounds "7"]
[EventCountry "GER"]
[SourceTitle "CB48_2023"]
[SourceDate "2023.11.29"]
[SourceVersion "1"]
[SourceVersionDate "2023.11.29"]
[SourceQuality "1"]

1. e4 e5 2. Nf3 Nc6 3. Bc4 Nf6 4. d3 Be7 5. 0-0 0-0 6. c3 d6 7. Re1 Na5 8. Bb5 a6 9. Ba4 b5 10. Bc2 c5 11. Nbd2 Nc6 12. Nf1 h6 13. Ne3 Be6 14. Bb3 Re8 15. Bd5 Rc8 16. a4 Bf8 17. axb5 axb5 18. Bd2 Bxd5 19. exd5 Ne7 20. c4 b4 21. Nh4 Kh7 22. Nhf5 g6 23. Ng3 Bg7 24. Qf3 Rf8 25. h4 Qd7 26. Ra6 Nfg8 27. h5 g5 28. Nef5 Nxf5 29. Qxf5+ Qxf5 30. Nxf5 Ra8 31. Rea1 Rxa6 32. Rxa6 Nf6 33. Nxd6 Nxh5 34. g3 f5 35. Nb7 e4 36. Nxc5 Bxb2 37. Bxb4 Rb8 38. Bd2 Nxg3 39. dxe4 Bd4 40. Be3 Bxc5 41. Bxc5 Nxe4 42. Bd4 Nd2 43. Ra7+ Kg6 44. Rg7+ Kh5 45. Ba7 Rb1+ 46. Kg2 Nxc4 47. Rc7 Ne5 48. Bd4 Ng6 49. d6 Nh4+ 50. Kh2 Kg4 51. Rc3 Rd1 52. d7 Rxd4 53. Rc4 Nf3+ 54. Kg2 Rxc4 55. d8Q Rc1 56. Qd7 Rg1# 0-1

[Event "Arco op 45th"]
[Site "Arco"]
[Date "2023.10.12"]
[Round "6"]
[White "Rempe, Jonas"]
[Black "Kaushik, Ashwath"]
[Result "1-0"]
[WhiteElo "2040"]
[BlackElo "1714"]
[PlyCount "109"]
[EventDate "2023.10.07"]
[EventType "swiss"]
[EventRounds "9"]
[EventCountry "ITA"]
[SourceTitle "Mega2024 Update 01"]
[Source "Chessbase"]
[SourceDate "2023.11.12"]
[SourceVersion "1"]
[SourceVersionDate "2023.11.12"]
[SourceQuality "1"]

1. e4 c5 2. Nf3 d6 3. d4 cxd4 4. Nxd4 Nf6 5. Nc3 a6 6. Rg1 e5 7. Nb3 h5 8. Bg5 Be7 9. Nd2 b5 10. Bxf6 gxf6 11. a4 b4 12. Nd5 Nc6 13. Nc4 Be6 14. c3 bxc3 15. bxc3 Na5 16. Nce3 Qc8 17. Qc2 Qc5 18. Bd3 Bd8 19. Nb4 Nc6 20. Nxa6 Qa5 21. Nb4 Nxb4 22. cxb4 Qxb4+ 23. Ke2 Rc8 24. Bb5+ Kf8 25. Qd3 Qb2+ 26. Qd2 Qd4 27. Rgc1 Rxc1 28. Rxc1 Qxe4 29. Qxd6+ Be7 30. Qd3 Qa8 31. Bd7 e4 32. Qb5 Bxd7 33. Qxd7 Qa6+ 34. Kd1 Qd6+ 35. Qxd6 Bxd6 36. Rc8+ Kg7 37. Nf5+ Kg6 38. Nxd6 Rh6 39. Rg8+ Kh7 40. Rh8+ Kxh8 41. Nxf7+ Kg7 42. Nxh6 Kxh6 43. a5 f5 44. a6 f4 45. a7 f3 46. gxf3 e3 47. fxe3 Kg5 48. a8Q Kh4 49. Qe4+ Kh3 50. Qf5+ Kg2 51. Ke2 Kh1 52. Qxh5 Kg1 53. Qg4+ Kh1 54. Kf2 Kxh2 55. Qh5# 1-0

[Event "Arco op 45th"]
[Site "Arco"]
[Date "2023.10.08"]
[Round "2"]
[White "Rempe, Jonas"]
[Black "Ochedzan, Filip"]
[Result "0-1"]
[WhiteElo "2040"]
[BlackElo "1738"]
[PlyCount "60"]
[EventDate "2023.10.07"]
[EventType "swiss"]
[EventRounds "9"]
[EventCountry "ITA"]
[SourceTitle "Mega2024 Update 01"]
[Source "Chessbase"]
[SourceDate "2023.11.12"]
[SourceVersion "1"]
[SourceVersionDate "2023.11.12"]
[SourceQuality "1"]

1. e4 c5 2. Nf3 d6 3. d4 cxd4 4. Nxd4 Nf6 5. Nc3 a6 6. Bc4 e6 7. Be3 Be7 8. f3 b5 9. Bb3 0-0 10. Qd2 Qc7 11. g4 Nbd7 12. g5 Ne8 13. Bxe6 fxe6 14. Nxe6 Qb7 15. Nxf8 Ne5 16. 0-0-0 Nc4 17. Qe2 Nxe3 18. Qxe3 Bxf8 19. f4 Nc7 20. f5 b4 21. Ne2 d5 22. Nf4 dxe4 23. f6 Bg4 24. Rdg1 Bf3 25. Qb3+ Kh8 26. Rg3 e3 27. Qf7 Bh5 28. Qxh5 Qxh1+ 29. Qd1 Qxd1+ 30. Kxd1 Bd6 0-1

[Event "St Veit op 42nd"]
[Site "St Veit"]
[Date "2023.07.15"]
[Round "9"]
[White "Miazhynski, Yuri"]
[Black "Rempe, Jonas"]
[Result "1-0"]
[WhiteElo "2168"]
[BlackElo "2005"]
[PlyCount "32"]
[EventDate "2023.07.08"]
[EventType "swiss"]
[EventRounds "9"]
[EventCountry "AUT"]
[SourceTitle "CBM 215 Extra"]
[Source "ChessBase"]
[SourceDate "2023.09.30"]
[SourceVersion "1"]
[SourceVersionDate "2023.09.30"]
[SourceQuality "1"]

1. e4 e5 2. Nc3 Nf6 3. f4 d5 4. fxe5 Nxe4 5. Nf3 Bc5 6. d4 Bb4 7. Bd2 c5 8. Bd3 Nxd2 9. Qxd2 Nc6 10. a3 Ba5 11. b4 cxb4 12. Ne2 0-0 13. 0-0 h6 14. axb4 Nxb4 15. Rfb1 Nxd3 16. Rxa5 Bf5 1-0

[Event "Reykjavik op"]
[Site "Reykjavik"]
[Date "2023.04.01"]
[Round "5"]
[White "Rempe, Jonas"]
[Black "Eriksen, Leander"]
[Result "1-0"]
[WhiteElo "1887"]
[BlackElo "1637"]
[PlyCount "53"]
[EventDate "2023.03.29"]
[EventType "swiss"]
[EventRounds "9"]
[EventCountry "ISL"]
[SourceTitle "CBM 213 Extra"]
[Source "ChessBase"]
[SourceDate "2023.05.31"]
[SourceVersion "1"]
[SourceVersionDate "2023.05.31"]
[SourceQuality "1"]

1. e4 e5 2. Nf3 Nc6 3. Bb5 a6 4. Ba4 Nf6 5. Nc3 b5 6. Bb3 Bc5 7. d3 h6 8. 0-0 d6 9. Nd5 Bg4 10. c3 Na5 11. Bc2 Nxd5 12. exd5 Bb6 13. b4 Nb7 14. h3 h5 15. d4 exd4 16. hxg4 hxg4 17. Bg5 f6 18. Nxd4 Kf7 19. Be3 Bxd4 20. Qxd4 Rh4 21. g3 Rh3 22. Rfe1 Qh8 23. Kf1 Rxg3 24. fxg3 Qh2 25. Bf2 Rh8 26. Be4 f5 27. Bg2 1-0

[Event "Arco op 44th"]
[Site "Arco"]
[Date "2022.10.13"]
[Round "6"]
[White "Rempe, Jonas"]
[Black "Schmider, Bernd"]
[Result "0-1"]
[WhiteElo "1983"]
[BlackElo "2142"]
[PlyCount "58"]
[EventDate "2022.10.08"]
[EventType "swiss"]
[EventRounds "9"]
[EventCountry "ITA"]
[SourceTitle "CBM 210 Extra"]
[Source "ChessBase"]
[SourceDate "2022.11.30"]
[SourceVersion "1"]
[SourceVersionDate "2022.11.30"]
[SourceQuality "1"]

1. e4 c5 2. Nf3 d6 3. d4 cxd4 4. Nxd4 Nf6 5. Nc3 a6 6. a4 g6 7. Be2 Bg7 8. Be3 Nc6 9. 0-0 0-0 10. f4 Qc7 11. Nb3 b6 12. Bf3 Rb8 13. h3 Na5 14. Nxa5 bxa5 15. Qd3 Be6 16. Qxa6 Bc4 17. Nb5 Bxf1 18. Rxf1 Qxc2 19. Nd4 Qxa4 20. Nc6 Rxb2 21. Nxe7+ Kh8 22. e5 dxe5 23. fxe5 Nh5 24. Bxh5 gxh5 25. Bh6 Qd4+ 26. Kh1 Qxe5 27. Bxg7+ Qxg7 28. Qc6 f6 29. Nd5 Qxg2# 0-1

[Event "Arco op 44th"]
[Site "Arco"]
[Date "2022.10.12"]
[Round "5"]
[White "Grotnes, Nils Ragnar"]
[Black "Rempe, Jonas"]
[Result "0-1"]
[WhiteElo "2170"]
[BlackElo "1983"]
[PlyCount "72"]
[EventDate "2022.10.08"]
[EventType "swiss"]
[EventRounds "9"]
[EventCountry "ITA"]
[SourceTitle "CBM 210 Extra"]
[Source "ChessBase"]
[SourceDate "2022.11.30"]
[SourceVersion "1"]
[SourceVersionDate "2022.11.30"]
[SourceQuality "1"]

1. d4 Nf6 2. c4 e6 3. Nc3 Bb4 4. e3 0-0 5. Nge2 c6 6. a3 Ba5 7. b4 Bc7 8. e4 d6 9. f3 a5 10. Be3 Nbd7 11. Ng3 e5 12. d5 c5 13. bxc5 Nxc5 14. Bd3 Bb6 15. Rb1 Nfd7 16. Bc2 Qh4 17. Qd2 Bd8 18. 0-0 Nb6 19. Bd3 Bd7 20. Rf2 Rc8 21. Bf1 f5 22. f4 g5 23. fxe5 f4 24. Bxc5 Rxc5 25. e6 fxg3 26. Rxf8+ Kxf8 27. hxg3 Qxg3 28. exd7 Nxd7 29. Rxb7 Bb6 30. Qf2+ Qxf2+ 31. Kxf2 Rc7+ 32. Rxb6 Nxb6 33. Nb5 Rf7+ 34. Ke1 Ke7 35. Nd4 Kf6 36. Nc6 Nd7 0-1

[Event "GER-ch U16"]
[Site "Willingen"]
[Date "2022.06.08"]
[Round "6"]
[White "Sidletskyi, Ivan"]
[Black "Rempe, Jonas"]
[Result "1-0"]
[WhiteElo "2084"]
[BlackElo "1856"]
[PlyCount "65"]
[EventDate "2022.06.04"]
[EventType "swiss"]
[EventRounds "9"]
[EventCountry "GER"]
[SourceTitle "CBM 208 Extra"]
[Source "ChessBase"]
[SourceDate "2022.07.31"]
[SourceVersion "1"]
[SourceVersionDate "2022.07.31"]
[SourceQuality "1"]

1. c4 Nf6 2. Nc3 g6 3. e4 d6 4. d4 Bg7 5. h3 0-0 6. Be3 Nbd7 7. g4 a6 8. Nge2 c5 9. Ng3 Qa5 10. Qd2 b5 11. cxb5 cxd4 12. Bxd4 Nc5 13. Bxf6 Nb3 14. Qd1 Bxf6 15. axb3 Bxc3+ 16. Ke2 Qxb5+ 17. Kf3 Qe5 18. bxc3 Qxc3+ 19. Kg2 Be6 20. Rc1 Qxb3 21. Qxb3 Bxb3 22. Bc4 Rfb8 23. Rc3 Rc8 24. Rhc1 Rxc4 25. Rxc4 Bxc4 26. Rxc4 a5 27. Ra4 e6 28. Nf1 Kg7 29. Ne3 Kf6 30. Nc4 d5 31. e5+ Kg5 32. f4+ Kh4 33. Nd2 1-0

[Event "GER-ch U14"]
[Site "Willingen"]
[Date "2021.08.28"]
[Round "8"]
[White "Rempe, Jonas"]
[Black "Zhou, Lepu Coco"]
[Result "0-1"]
[WhiteElo "2026"]
[BlackElo "2009"]
[PlyCount "60"]
[EventDate "2021.08.22"]
[EventType "swiss"]
[EventRounds "9"]
[EventCountry "GER"]
[SourceTitle "EXT 2022"]
[Source "ChessBase"]
[SourceDate "2021.10.06"]
[SourceVersion "1"]
[SourceVersionDate "2021.10.06"]
[SourceQuality "1"]

1. e4 e5 2. Nf3 Nc6 3. Bb5 a6 4. Ba4 Nf6 5. 0-0 Be7 6. Re1 b5 7. Bb3 0-0 8. a4 Bb7 9. d3 d6 10. Nbd2 Na5 11. Ba2 c5 12. Nf1 c4 13. Ne3 d5 14. exd5 Nxd5 15. Nxd5 Bxd5 16. Nxe5 Bf6 17. dxc4 bxc4 18. Bd2 Rc8 19. Bc3 Nb7 20. Qd4 Be6 21. Qa7 Qc7 22. Qxa6 Ra8 23. Qb5 Nd6 24. Qb4 Rfb8 25. Qa3 Nb5 26. Qb4 Nd4 27. Qxb8+ Qxb8 28. Bxd4 Rxa4 29. Nc6 Qa8 30. Bxf6 gxf6 0-1

[Event "GER-ch U14"]
[Site "Willingen"]
[Date "2021.08.25"]
[Round "4"]
[White "Rempe, Jonas"]
[Black "Ensslinger, Colin"]
[Result "1-0"]
[WhiteElo "2026"]
[BlackElo "1729"]
[PlyCount "129"]
[EventDate "2021.08.22"]
[EventType "swiss"]
[EventRounds "9"]
[EventCountry "GER"]
[SourceTitle "EXT 2022"]
[Source "ChessBase"]
[SourceDate "2021.10.06"]
[SourceVersion "1"]
[SourceVersionDate "2021.10.06"]
[SourceQuality "1"]

1. e4 c5 2. Nf3 e6 3. d4 cxd4 4. Nxd4 Nf6 5. Nc3 d6 6. g4 h6 7. h4 Nc6 8. Rg1 d5 9. exd5 Nxd5 10. Nxd5 Qxd5 11. Bg2 Qc4 12. Nxc6 bxc6 13. Qe2 Qxe2+ 14. Kxe2 Ba6+ 15. Ke1 Bb7 16. Be3 Be7 17. h5 Bg5 18. f4 Bh4+ 19. Kd2 0-0-0+ 20. Kc1 Be7 21. c3 Rd3 22. Bd4 c5 23. Kc2 Ba6 24. Bf1 cxd4 25. Bxd3 Bxd3+ 26. Kxd3 dxc3 27. Rac1 Bf6 28. bxc3 Rd8+ 29. Ke4 Rd5 30. Rgd1 Rc5 31. c4 Kc7 32. Rc2 g5 33. hxg6 fxg6 34. Rb1 a6 35. Rh1 h5 36. gxh5 gxh5 37. Rf1 Kc6 38. f5 Rxf5 39. Rxf5 exf5+ 40. Kxf5 Be7 41. Ke6 Bd6 42. Rd2 Bg3 43. Rd5 h4 44. Rh5 Be1 45. a3 Bg3 46. a4 Be1 47. a5 Bf2 48. Ke7 Be1 49. Kd8 h3 50. Kc8 h2 51. Rxh2 Bxa5 52. Rh6+ Kc5 53. Rh5+ Kb4 54. Kb7 Bd8 55. c5 a5 56. c6 a4 57. Rh8 Bf6 58. Re8 a3 59. c7 Bc3 60. c8Q a2 61. Re4+ Kb3 62. Qc4+ Kb2 63. Re2+ Kb1 64. Qxa2+ Kc1 65. Qc2# 1-0